[Event "40th olm final"]
[Site "Istanbul"]
[Date "2012.09.05"]
[Round "8.22"]
[White "Elsness, Frode"]
[Black "Schandorff, Lars"]
[Result "1/2-1/2"]
[WhiteElo "2498"]
[BlackElo "2516"]
[EventDate "2012.08.28"]
[WhiteTeam "Norway"]
[BlackTeam "Denmark"]
[PlyCount "62"]

1.d4 d5 2.c4 c6 3.Nf3 Nf6 4.Nc3 e6 5.g3 dxc4 6.Bg2 b5 7.Ne5 a6 8.O-O Bb7
9.b3 cxb3 10.Qxb3 Be7 11.Rd1 O-O 12.a4 Nd5 13.Ne4 Nd7 14.Nd3 a5 15.axb5
cxb5 16.Qxb5 Ba6 17.Qxa5 Qxa5 18.Rxa5 Bxd3 19.Rxa8 Rxa8 20.exd3 Ra1 21.Bf3
Nb4 22.Be2 Nb6 23.Nc5 N6d5 24.Bb2 Ra2 25.Rb1 h6 26.Bd1 Bf6 27.Bb3 Rxb2 28.
Rxb2 Bxd4 29.Bxd5 Bxb2 30.Bc4 Kf8 31.Kf1 Ke7 1/2-1/2

[Event "40th olm final"]
[Site "Istanbul"]
[Date "2012.09.05"]
[Round "8.22"]
[White "Aagaard, Jacob"]
[Black "Hansen, Torbjorn Ringdal"]
[Result "1-0"]
[WhiteElo "2517"]
[BlackElo "2469"]
[EventDate "2012.08.28"]
[WhiteTeam "Denmark"]
[BlackTeam "Norway"]
[PlyCount "63"]

1.e4 e5 2.Nf3 Nc6 3.d4 exd4 4.Nxd4 Nf6 5.Nxc6 bxc6 6.e5 Qe7 7.Qe2 Nd5 8.c4
Ba6 9.Nd2 g6 10.Nf3 Bg7 11.Bg5 Qb4+ 12.Qd2 Qxd2+ 13.Bxd2 Ne7 14.O-O-O Bb7
15.Bc3 Rd8 16.Nd2 c5 17.Nb3 d6 18.Re1 Rg8 19.h4 h5 20.Rh3 Bc8 21.Rd3 Be6
22.Nd2 Nc6 23.exd6 cxd6 24.Bxg7 Rxg7 25.g3 Nd4 26.Nb3 Nxb3+ 27.Rxb3 Rd7
28.Bh3 Re7 29.Rb8+ Kd7 30.Ra8 f5 31.Rxa7+ Ke8 32.Rxe6 1-0

[Event "40th olm final"]
[Site "Istanbul"]
[Date "2012.09.05"]
[Round "8.22"]
[White "Urkedal, Frode"]
[Black "Rasmussen, Allan Stig"]
[Result "1/2-1/2"]
[WhiteElo "2473"]
[BlackElo "2496"]
[EventDate "2012.08.28"]
[WhiteTeam "Norway"]
[BlackTeam "Denmark"]
[PlyCount "104"]

1.d4 Nf6 2.c4 e6 3.Nc3 Bb4 4.e3 b6 5.Bd3 Bb7 6.Nf3 c5 7.O-O O-O 8.Na4 cxd4
9.exd4 Re8 10.a3 Bf8 11.b4 d6 12.Re1 Nbd7 13.Bb2 Rc8 14.Rc1 Rc7 15.Nc3 a6
16.Nd2 g6 17.Bf1 Qa8 18.Qb3 Rec8 19.Nd1 Bg7 20.Ne3 h5 21.Rcd1 Rb8 22.Nb1
d5 23.Nc3 dxc4 24.Nxc4 Nd5 25.Ne4 Nxb4 26.Ng5 Nd5 27.Qg3 Bc6 28.Nd6 Nf8
29.Rc1 Rd8 30.h4 Qb8 31.Ndxf7 Re8 32.Ne5 Bb7 33.Bd3 Rxc1 34.Bxc1 Ne7 35.a4
Qd8 36.Nef7 Qxd4 37.Nd6 Qc3 38.Rd1 Be5 39.Bf4 Bxd6 40.Bxd6 Nf5 41.Bxf5
Qxg3 42.fxg3 gxf5 43.Bxf8 Kxf8 44.Rd6 Bd5 45.Rxb6 Ke7 46.Rxa6 Rb8 47.Ra7+
Kf6 48.Nf3 Rb1+ 49.Kf2 Rb2+ 50.Kg1 Rb1+ 51.Kf2 Rb2+ 52.Kg1 Rb1+ 1/2-1/2

[Event "40th olm final"]
[Site "Istanbul"]
[Date "2012.09.05"]
[Round "8.22"]
[White "Glud, Jakob Vang"]
[Black "Bae, Torstein"]
[Result "1-0"]
[WhiteElo "2498"]
[BlackElo "2420"]
[EventDate "2012.08.28"]
[WhiteTeam "Denmark"]
[BlackTeam "Norway"]
[PlyCount "95"]

1.c4 e5 2.g3 Nf6 3.Bg2 c6 4.d4 exd4 5.Qxd4 d5 6.Nf3 Be6 7.cxd5 cxd5 8.O-O
Nc6 9.Qa4 Bc5 10.Bg5 h6 11.Bxf6 Qxf6 12.Nc3 O-O 13.Qb5 Qe7 14.Na4 Bd6 15.
a3 Rfd8 16.Rfd1 Rab8 17.Rac1 Rd7 18.Nd4 Nxd4 19.Rxd4 a6 20.Qb6 Bc7 21.Qb4
Bd6 22.Qd2 b5 23.Nc3 b4 24.Nxd5 Bxd5 25.Rxd5 bxa3 26.bxa3 Bxa3 27.Rxd7
Bxc1 28.Qd3 Qf6 29.Bd5 Rf8 30.Rd6 Qe7 31.Rxa6 Bb2 32.Rb6 Be5 33.Rb7 Qf6
34.h4 g5 35.h5 Kg7 36.Bb3 Qc6 37.Rd7 Qf6 38.Bc2 Re8 39.Qh7+ Kf8 40.Bb3 Re7
41.Rd8+ Re8 42.Rd3 Qg7 43.Qf5 Qf6 44.Qg4 Re7 45.Rd8+ Kg7 46.Rd5 Qc6 47.Qf3
Bf6 48.Rxg5+ 1-0

[Event "40th olm final"]
[Site "Istanbul"]
[Date "2012.09.06"]
[Round "9.14"]
[White "Hansen, Sune Berg"]
[Black "Georgiev, Vladimir"]
[Result "1/2-1/2"]
[WhiteElo "2577"]
[BlackElo "2566"]
[EventDate "2012.08.28"]
[WhiteTeam "Denmark"]
[BlackTeam "FYR Macedonia"]
[PlyCount "64"]

1.e4 e5 2.Nf3 Nc6 3.d4 exd4 4.Nxd4 Bc5 5.Nb3 Bb6 6.Nc3 Nf6 7.Qe2 O-O 8.Be3
Re8 9.f3 d6 10.O-O-O Be6 11.Kb1 Nd7 12.Qd2 Bxe3 13.Qxe3 a6 14.Nd4 Nxd4 15.
Qxd4 Qf6 16.Be2 b5 17.Rhe1 Qh6 18.g3 Nb6 19.f4 Rad8 20.e5 c5 21.Qf2 dxe5
22.fxe5 Rxd1+ 23.Rxd1 Nd7 24.h4 Qg6 25.Qf4 f6 26.exf6 Nxf6 27.Bd3 Qf7 28.
a3 Bg4 29.Rf1 Bh3 30.Rd1 Bg4 31.Rf1 Bh3 32.Rd1 Bg4 1/2-1/2

[Event "40th olm final"]
[Site "Istanbul"]
[Date "2012.09.06"]
[Round "9.14"]
[White "Nedev, Trajce"]
[Black "Aagaard, Jacob"]
[Result "1-0"]
[WhiteElo "2494"]
[BlackElo "2517"]
[EventDate "2012.08.28"]
[WhiteTeam "FYR Macedonia"]
[BlackTeam "Denmark"]
[PlyCount "53"]

1.e4 e6 2.d4 d5 3.Nd2 c5 4.Ngf3 cxd4 5.exd5 Qxd5 6.Bc4 Qd6 7.O-O Nf6 8.Nb3
Nc6 9.Nbxd4 Nxd4 10.Nxd4 Be7 11.b3 O-O 12.a4 Rd8 13.Ba3 Qd7 14.Bb2 a6 15.
Qe2 Qc7 16.Rad1 b6 17.Rd3 Bd6 18.Nf3 Nh5 19.Ng5 g6 20.Rh3 Nf4 21.Qf3 h5
22.Rg3 Bb7 23.Qc3 e5 24.Nxf7 b5 25.Nxd6+ Qxc4 26.Rxg6+ Kf8 27.bxc4 1-0

[Event "40th olm final"]
[Site "Istanbul"]
[Date "2012.09.06"]
[Round "9.14"]
[White "Rasmussen, Allan Stig"]
[Black "Pancevski, Filip"]
[Result "1-0"]
[WhiteElo "2496"]
[BlackElo "2461"]
[EventDate "2012.08.28"]
[WhiteTeam "Denmark"]
[BlackTeam "FYR Macedonia"]
[PlyCount "99"]

1.d4 g6 2.c4 Bg7 3.Nc3 d6 4.Nf3 Nf6 5.e4 O-O 6.Be2 e5 7.O-O c6 8.Be3 Na6
9.d5 c5 10.Ne1 Nd7 11.Nd3 Qe7 12.Qd2 f5 13.exf5 gxf5 14.f4 e4 15.Nf2 Nf6
16.h3 h5 17.g3 Bd7 18.a3 Kh8 19.Kh1 Rg8 20.Rg1 Bh6 21.Rg2 Rg7 22.Rag1 Rag8
23.Ncd1 Rg6 24.Qc3 Bg7 25.Qb3 b6 26.Bd2 Rh6 27.Ne3 Ne8 28.Bc3 Bd4 29.Qc2
Qg7 30.Nfd1 Kh7 31.Qd2 Nac7 32.Nc2 Bxc3 33.Nxc3 Nf6 34.Ne3 Rg6 35.Qe1 Qh6
36.Qf2 Kg7 37.Bd1 Kf7 38.b4 Qh8 39.Qe1 Qh6 40.bxc5 bxc5 41.Rb2 h4 42.g4
Qxf4 43.Rf1 Qe5 44.Nxf5 Rc8 45.Rb7 Kg8 46.Bc2 Bxf5 47.Rxf5 Qd4 48.Nxe4 Re8
49.Rf4 Re7 50.Rxc7 1-0

[Event "40th olm final"]
[Site "Istanbul"]
[Date "2012.09.06"]
[Round "9.14"]
[White "Kizov, Atanas"]
[Black "Glud, Jakob Vang"]
[Result "0-1"]
[WhiteElo "2418"]
[BlackElo "2498"]
[EventDate "2012.08.28"]
[WhiteTeam "FYR Macedonia"]
[BlackTeam "Denmark"]
[PlyCount "64"]

1.d4 d5 2.c4 e6 3.Nc3 Be7 4.Nf3 Nf6 5.Bg5 O-O 6.cxd5 exd5 7.e3 Nbd7 8.Bd3
c6 9.Qc2 Re8 10.h3 Nf8 11.O-O Be6 12.Rab1 N6d7 13.Bxe7 Qxe7 14.b4 a6 15.a4
Nb6 16.a5 Nc8 17.Na4 Nd6 18.Nc5 Rad8 19.Nd2 Bc8 20.Rbe1 Qh4 21.f4 Bxh3 22.
gxh3 Qg3+ 23.Kh1 Qxh3+ 24.Kg1 Rxe3 25.Rxe3 Qxe3+ 26.Kg2 Qxd4 27.Qb1 Re8
28.Kg3 Re3+ 29.Rf3 Ng6 30.Bxg6 hxg6 31.Ndb3 Nf5+ 32.Qxf5 Rxf3+ 0-1

[Event "40th olm final"]
[Site "Istanbul"]
[Date "2012.09.07"]
[Round "10.6"]
[White "Almasi, Zoltan"]
[Black "Aagaard, Jacob"]
[Result "1-0"]
[WhiteElo "2713"]
[BlackElo "2517"]
[EventDate "2012.08.28"]
[WhiteTeam "Hungary"]
[BlackTeam "Denmark"]
[PlyCount "115"]

1.e4 c5 2.Nf3 d6 3.d4 cxd4 4.Nxd4 Nf6 5.Nc3 a6 6.Bg5 e6 7.f4 Be7 8.Qf3 Qa5
9.O-O-O Bd7 10.g4 Nc6 11.Nb3 Qc7 12.Bh4 h6 13.Bg3 e5 14.f5 Rc8 15.Kb1 Na5
16.h4 Bc6 17.Bd3 Nd7 18.Nxa5 Qxa5 19.Bc4 b5 20.Bb3 Qc7 21.Qe2 Qb7 22.Bf2
Nf6 23.Rhe1 b4 24.Nd5 Bb5 25.Qf3 Nxd5 26.Bxd5 Qc7 27.Qb3 Bc4 28.Qa4+ Bb5
29.Qb3 Bc4 30.Bxc4 Qxc4 31.Rd5 Kd7 32.Ra5 Qxb3 33.axb3 Ra8 34.Rd1 Kc6 35.
c3 bxc3 36.bxc3 Kb7 37.Ra4 Rhc8 38.Rb4+ Kc6 39.Kc2 Bd8 40.Ra4 Kc7 41.Rd5
Kc6 42.b4 Bc7 43.c4 Rcb8 44.Kc3 Kb7 45.Rd1 Rg8 46.Be3 g6 47.f6 g5 48.h5
Rgc8 49.Rda1 Re8 50.R4a2 Bb6 51.Bxb6 Kxb6 52.Ra5 Ra7 53.Rd1 Kc7 54.Rda1
Kb6 55.b5 Rea8 56.Kb4 Kb7 57.R1a2 Kc7 58.c5 1-0

[Event "40th olm final"]
[Site "Istanbul"]
[Date "2012.09.07"]
[Round "10.6"]
[White "Berkes, Ferenc"]
[Black "Glud, Jakob Vang"]
[Result "1-0"]
[WhiteElo "2685"]
[BlackElo "2498"]
[EventDate "2012.08.28"]
[WhiteTeam "Hungary"]
[BlackTeam "Denmark"]
[PlyCount "65"]

1.d4 d5 2.c4 e6 3.Nf3 Nf6 4.g3 Bb4+ 5.Bd2 Be7 6.Bg2 O-O 7.O-O c6 8.Bf4 b6
9.Nc3 Bb7 10.Rc1 Nbd7 11.cxd5 cxd5 12.Nb5 Ne8 13.Qd3 a6 14.Nc7 g5 15.Nxg5
Bxg5 16.Bxg5 Qxg5 17.Nxa8 Qd8 18.Nxb6 Qxb6 19.Qd2 Nb8 20.Rc5 Nc6 21.Rfc1
Ng7 22.h4 Kh8 23.e4 Ne7 24.R1c3 Ba8 25.e5 Qb4 26.a3 Qa4 27.b4 Nc6 28.Bf3
Na7 29.h5 Nf5 30.h6 Rg8 31.Bh5 a5 32.Bxf7 axb4 33.Qg5 1-0

[Event "40th olm final"]
[Site "Istanbul"]
[Date "2012.09.09"]
[Round "11.12"]
[White "Mchedlishvili, Mikheil"]
[Black "Hansen, Sune Berg"]
[Result "1/2-1/2"]
[WhiteElo "2659"]
[BlackElo "2577"]
[EventDate "2012.08.28"]
[WhiteTeam "Georgia"]
[BlackTeam "Denmark"]
[PlyCount "77"]

1.d4 d5 2.c4 c6 3.Nc3 Nf6 4.e3 e6 5.Nf3 Nbd7 6.Bd3 dxc4 7.Bxc4 b5 8.Bd3 a6
9.e4 c5 10.d5 Bb7 11.O-O Qc7 12.Bc2 Bd6 13.dxe6 fxe6 14.Ng5 Nf8 15.f4
O-O-O 16.Qe2 h6 17.Nf3 Bxf4 18.e5 Bxf3 19.Qxf3 Bxe5 20.Qa8+ Kd7 21.Qxa6
Bxh2+ 22.Kh1 Ke7 23.Qxb5 Qe5 24.Qe2 Rd4 25.Rf3 Rh4 26.Rh3 g5 27.Rxh4 gxh4
28.a4 Rg8 29.Qxe5 Bxe5 30.a5 N8d7 31.a6 Ng4 32.Ne4 Rf8 33.Bd2 Bxb2 34.Rb1
Ndf6 35.Nxf6 Bxf6 36.Bf4 Bd4 37.Rb7+ Kf6 38.a7 Ra8 39.Bb8 1/2-1/2

[Event "40th olm final"]
[Site "Istanbul"]
[Date "2012.09.09"]
[Round "11.12"]
[White "Schandorff, Lars"]
[Black "Gagunashvili, Merab"]
[Result "1-0"]
[WhiteElo "2516"]
[BlackElo "2578"]
[EventDate "2012.08.28"]
[WhiteTeam "Denmark"]
[BlackTeam "Georgia"]
[PlyCount "83"]

1.d4 d5 2.c4 c6 3.Nc3 Nf6 4.e3 e6 5.Nf3 a6 6.b3 Bb4 7.Bd2 Nbd7 8.Bd3 O-O
9.O-O Bd6 10.Re1 e5 11.cxd5 cxd5 12.e4 exd4 13.Nxd5 Nxd5 14.exd5 Nf6 15.
Bg5 h6 16.Bh4 Bg4 17.h3 Bxf3 18.Qxf3 g5 19.Bxg5 hxg5 20.Qf5 Bf4 21.h4 Qxd5
22.Qxf6 Qd6 23.Qxd6 Bxd6 24.hxg5 Rfe8 25.g6 f6 26.Rac1 Bf4 27.Rcd1 Kg7 28.
g3 Bc7 29.Kg2 Ba5 30.Rh1 Rh8 31.Be4 Rad8 32.Rxh8 Kxh8 33.Rh1+ Kg8 34.Bd3
b5 35.Rh7 Rd6 36.Rf7 Bd2 37.Kf3 Bh6 38.Kg4 Bg7 39.Ra7 f5+ 40.Kg5 f4 41.
Ra8+ Bf8 42.gxf4 1-0

[Event "40th olm final"]
[Site "Istanbul"]
[Date "2012.09.09"]
[Round "11.12"]
[White "Sanikidze, Tornike"]
[Black "Rasmussen, Allan Stig"]
[Result "0-1"]
[WhiteElo "2585"]
[BlackElo "2496"]
[EventDate "2012.08.28"]
[WhiteTeam "Georgia"]
[BlackTeam "Denmark"]
[PlyCount "70"]

1.d4 d5 2.c4 dxc4 3.e4 Nf6 4.e5 Nd5 5.Bxc4 Nb6 6.Bd3 Nc6 7.Ne2 Bg4 8.f3
Be6 9.Nbc3 Qd7 10.Ne4 Bd5 11.Nc5 Qc8 12.a3 e6 13.Qc2 Bxc5 14.Qxc5 Qd7 15.
O-O a6 16.Bg5 Nc4 17.Bxc4 b6 18.Bxd5 bxc5 19.Be4 Nxd4 20.Bxa8 Nxe2+ 21.Kh1
c6 22.Rfd1 Nd4 23.Rac1 Qa7 24.Rxd4 cxd4 25.Bxc6+ Kf8 26.f4 Qb8 27.b4 f6
28.Bh4 Kf7 29.Be4 Rc8 30.Rd1 fxe5 31.fxe5 Qxe5 32.Re1 Qf4 33.g3 Qf2 34.Rg1
Qe3 35.Bb7 Rc1 0-1

[Event "40th olm final"]
[Site "Istanbul"]
[Date "2012.09.09"]
[Round "11.12"]
[White "Glud, Jakob Vang"]
[Black "Shanava, Konstantine"]
[Result "1/2-1/2"]
[WhiteElo "2498"]
[BlackElo "2569"]
[EventDate "2012.08.28"]
[WhiteTeam "Denmark"]
[BlackTeam "Georgia"]
[PlyCount "99"]

1.Nf3 d6 2.d4 Bg4 3.e3 g6 4.Be2 Bg7 5.h3 Bf5 6.c4 Nf6 7.Nc3 O-O 8.O-O Nc6
9.d5 Nb4 10.Nd4 Bd7 11.a3 Na6 12.Bf3 Qc8 13.b4 c5 14.dxc6 bxc6 15.Nb3 Ng4
16.hxg4 Bxc3 17.Ra2 Rb8 18.Bb2 Bxb2 19.Rxb2 Nc7 20.Na5 Ne6 21.Be2 Nd8 22.
Qd4 Qc7 23.Qe4 Ne6 24.Rfb1 f5 25.gxf5 gxf5 26.Qh4 Rf7 27.Nb3 Rg7 28.Nd4
Ng5 29.c5 e5 30.Nf3 Qd8 31.Nxg5 Rxg5 32.Qh2 Qf6 33.cxd6 Kh8 34.f4 Rg6 35.
fxe5 Qg5 36.Bf1 Qxe3+ 37.Rf2 Re8 38.Rd1 Qxe5 39.Re2 Qxh2+ 40.Kxh2 Ree6 41.
Rxe6 Rxe6 42.a4 Re8 43.b5 Kg7 44.bxc6 Bxc6 45.Rc1 Bxa4 46.Ra1 Bb3 47.Rxa7+
Kf6 48.Rxh7 Rd8 49.Rb7 Be6 50.Rb6 1/2-1/2